00249nam a2200073Ia 4500082001800000245008500018260006200103300001000165 aRR 016.33 ECO 0aEconomic commerce management : A bibliography of doctoral dissertations accepted aNew DelhibInter-University Board of India and Ceylc1973 a155p.